000 00414nam a2200157 4500
999 _c508019
_d508019
008 190305b ||||| |||| 00| 0 eng d
100 _aPatel, Ramya Ranjan
_92998
245 _aPolitical economy of agrarian distress in India
260 _c2018
300 _ap.250-264.
650 _aFarmers
_92999
650 _aSuicides
_93000
773 _aSocial Action
906 _aAgrarian structure
942 _2ddc
_cAR